[Event "London Classic (Women) 5th"]
[Site "London"]
[Date "2013.12.14"]
[Round "9"]
[White "Nadig, Kruttika"]
[Black "Foisor, Mihaela Veronica"]
[Result "0-1"]
[WhiteElo "2127"]
[BlackElo "2216"]
[PlyCount "92"]
[EventDate "2013.12.07"]
[EventType "tourn"]
[EventRounds "10"]
[EventCountry "ENG"]
[EventCategory "1"]
[SourceTitle "CBM 157 Extra"]
[Source "ChessBase"]
[SourceDate "2013.12.19"]
[SourceVersion "1"]
[SourceVersionDate "2013.12.19"]
[SourceQuality "1"]

1. e4 e6 2. d4 d5 3. Nc3 Bb4 4. e5 c5 5. a3 Bxc3+ 6. bxc3 Qa5 7. Bd2 Qa4 8. h4 Nc6 9. Qg4 g6 10. Nf3 h5 11. Qf4 Qxc2 12. dxc5 Qe4+ 13. Qe3 Nge7 14. Bd3 Qxe3+ 15. Bxe3 Na5 16. Rb1 Bd7 17. Bd4 Rc8 18. Rh3 Rc7 19. Ng5 Nc4 20. Bxc4 dxc4 21. Ne4 Bc6 22. Nd6+ Kf8 23. Rh2 Bd5 24. Nb5 Rc8 25. Nxa7 Ra8 26. Nb5 Kg7 27. g3 Bf3 28. Nd6 Rxa3 29. Nxc4 Ra2 30. Rb2 Rxb2 31. Nxb2 Nf5 32. Nc4 Ra8 33. Ne3 Ra2 34. Nxf5+ gxf5 35. Be3 Kf8 36. c4 Ke8 37. Rh3 Kd7 38. Rh2 Kc7 39. Rh3 Kb8 40. Rh2 Rb2 41. Rh3 Ka7 42. c6+ Kb8 43. cxb7 Kxb7 44. g4 fxg4 45. Rxf3 gxf3 46. Kd1 Re2 0-1

[Event "London Classic (Women) 5th"]
[Site "London"]
[Date "2013.12.12"]
[Round "7"]
[White "Nadig, Kruttika"]
[Black "Bulmaga, Irina"]
[Result "1/2-1/2"]
[WhiteElo "2127"]
[BlackElo "2396"]
[PlyCount "82"]
[EventDate "2013.12.07"]
[EventType "tourn"]
[EventRounds "10"]
[EventCountry "ENG"]
[EventCategory "1"]
[SourceTitle "CBM 157 Extra"]
[Source "ChessBase"]
[SourceDate "2013.12.19"]
[SourceVersion "1"]
[SourceVersionDate "2013.12.19"]
[SourceQuality "1"]

1. e4 c5 2. Nf3 d6 3. d4 cxd4 4. Nxd4 Nf6 5. Nc3 a6 6. Be3 e5 7. Nb3 Be6 8. Qd2 Nbd7 9. f3 b5 10. 0-0-0 Qc7 11. g4 h6 12. Qf2 Rb8 13. Kb1 Nb6 14. h4 Nc4 15. Nd5 Bxd5 16. exd5 Qb7 17. Bc1 Nxd5 18. Bg2 Qb6 19. Qe2 Nde3 20. Rd3 Nxg2 21. Qxg2 Qc6 22. Re1 Be7 23. g5 h5 24. Qe2 0-0 25. f4 g6 26. f5 d5 27. Rdd1 a5 28. Nd4 exd4 29. Qxe7 b4 30. b3 Ne3 31. Bxe3 Rfe8 32. Qa7 dxe3 33. Rxe3 Rxe3 34. Qxe3 Re8 35. Qd3 Re5 36. fxg6 Qxg6 37. Qb5 Qe6 38. Qxa5 Re1 39. Rxe1 Qxe1+ 40. Kb2 Qc3+ 41. Kb1 Qe1+ 1/2-1/2

[Event "London Classic (Women) 5th"]
[Site "London"]
[Date "2013.12.10"]
[Round "4"]
[White "Nadig, Kruttika"]
[Black "Longson, Sarah N"]
[Result "1-0"]
[WhiteElo "2127"]
[BlackElo "2127"]
[PlyCount "87"]
[EventDate "2013.12.07"]
[EventType "tourn"]
[EventRounds "10"]
[EventCountry "ENG"]
[EventCategory "1"]
[SourceTitle "CBM 157 Extra"]
[Source "ChessBase"]
[SourceDate "2013.12.19"]
[SourceVersion "1"]
[SourceVersionDate "2013.12.19"]
[SourceQuality "1"]

1. e4 c5 2. Nf3 d6 3. d4 cxd4 4. Nxd4 Nf6 5. Nc3 a6 6. h3 e5 7. Nde2 h5 8. g3 Be7 9. Bg2 Be6 10. f4 Nbd7 11. Be3 Qc7 12. 0-0 Rc8 13. a4 Bc4 14. Bf3 Nb6 15. b3 Bxe2 16. Nxe2 Nbd7 17. c4 Nc5 18. Nc3 Qb6 19. Rb1 a5 20. f5 Qc6 21. g4 hxg4 22. hxg4 Nh7 23. Qd2 Nf6 24. Qg2 Bd8 25. g5 Nfd7 26. Rfd1 Bb6 27. Nb5 Rd8 28. Nxd6+ Kf8 29. g6 Nd3 30. Nxf7 Bxe3+ 31. Kf1 Nf2 32. Nxd8 Qc8 33. Ne6+ Kg8 34. Ke2 Nxd1 35. Rxd1 Bf4 36. Nxf4 exf4 37. Qg5 Rh2+ 38. Kf1 Rb2 39. Qe7 Rxb3 40. Qf7+ Kh8 41. Rxd7 Rxf3+ 42. Kg2 Rg3+ 43. Kh2 Qg8 44. Qxg8+ 1-0

[Event "London Classic (Women) 5th"]
[Site "London"]
[Date "2013.12.09"]
[Round "3"]
[White "Nadig, Kruttika"]
[Black "Fuchs, Judith"]
[Result "1/2-1/2"]
[WhiteElo "2127"]
[BlackElo "2337"]
[PlyCount "136"]
[EventDate "2013.12.07"]
[EventType "tourn"]
[EventRounds "10"]
[EventCountry "ENG"]
[EventCategory "1"]
[SourceTitle "CBM 157 Extra"]
[Source "ChessBase"]
[SourceDate "2013.12.19"]
[SourceVersion "1"]
[SourceVersionDate "2013.12.19"]
[SourceQuality "1"]

1. e4 c5 2. Nf3 d6 3. d4 cxd4 4. Nxd4 Nf6 5. Nc3 Nc6 6. Bc4 Qb6 7. Nb3 e6 8. Bf4 Ne5 9. Be2 Bd7 10. Qd2 Be7 11. f3 0-0 12. g4 Rfd8 13. g5 Ne8 14. 0-0-0 a5 15. Nd4 a4 16. a3 Rac8 17. h4 Nc4 18. Bxc4 Rxc4 19. Nf5 exf5 20. Nd5 Qc5 21. Be3 Qb5 22. Nxe7+ Kf8 23. Nxf5 Bxf5 24. exf5 Rdc8 25. c3 Qxf5 26. h5 b5 27. Bd4 b4 28. axb4 Rxb4 29. Qd3 Qxd3 30. Rxd3 Rb3 31. h6 Rcb8 32. hxg7+ Kg8 33. Rd2 Nxg7 34. Rdh2 Ne6 35. Bf6 Nf8 36. f4 a3 37. bxa3 Rxa3 38. Kc2 Ra4 39. Bd4 Ra2+ 40. Kd3 Rxh2 41. Rxh2 Ne6 42. Ke4 Rb1 43. Rf2 Rd1 44. Kd5 h6 45. gxh6 Kh7 46. Rh2 Nxf4+ 47. Kxd6 Ne6 48. Rh4 Ng5 49. Kd5 f5 50. Rh5 Ne4 51. Ke5 Re1 52. Kd5 Rd1 53. Kc4 Nd6+ 54. Kb3 Rb1+ 55. Kc2 Rf1 56. Be5 Nf7 57. Bg7 Kg6 58. Rh2 Ra1 59. Kb2 Ra8 60. c4 Ng5 61. Rg2 f4 62. c5 f3 63. Rc2 Ne4 64. Bd4 Rc8 65. c6 f2 66. Bxf2 Nxf2 67. Rxf2 Rxc6 68. h7 Kxh7 1/2-1/2

[Event "London Classic (Women) 5th"]
[Site "London"]
[Date "2013.12.08"]
[Round "2"]
[White "Bulmaga, Irina"]
[Black "Nadig, Kruttika"]
[Result "1/2-1/2"]
[WhiteElo "2396"]
[BlackElo "2127"]
[PlyCount "119"]
[EventDate "2013.12.07"]
[EventType "tourn"]
[EventRounds "10"]
[EventCountry "ENG"]
[EventCategory "1"]
[SourceTitle "CBM 157 Extra"]
[Source "ChessBase"]
[SourceDate "2013.12.19"]
[SourceVersion "1"]
[SourceVersionDate "2013.12.19"]
[SourceQuality "1"]

1. e4 c5 2. Nf3 g6 3. c3 d5 4. exd5 Qxd5 5. d4 Bg7 6. Be2 cxd4 7. cxd4 Nc6 8. Nc3 Qd8 9. d5 Ne5 10. 0-0 Nxf3+ 11. Bxf3 Nf6 12. Qa4+ Qd7 13. Qb4 0-0 14. Re1 Re8 15. Bf4 a5 16. Qc4 b6 17. Be5 Bb7 18. Qd4 b5 19. a4 b4 20. Nb5 Red8 21. Rad1 Ne8 22. h3 Ra6 23. Bg4 Qxd5 24. Qxd5 Rxd5 25. Bxg7 Rxd1 26. Bxd1 Nxg7 27. Rxe7 Rb6 28. Bb3 Ne6 29. Bc4 Kf8 30. Rd7 Bc8 31. Ra7 Rc6 32. b3 Ba6 33. Ra8+ Kg7 34. Ra7 Kg8 35. Kh2 Kg7 36. Bd5 Rb6 37. Bc4 Rc6 38. g3 Rb6 39. h4 Rc6 40. Bd5 Rb6 41. g4 h6 42. Kg3 g5 43. hxg5 hxg5 44. f3 Kf6 45. Bxe6 fxe6 46. Nc7 Bc4 47. Ne8+ Ke5 48. Rxa5+ Kd4 49. bxc4 b3 50. Nc7 b2 51. Rb5 Rxb5 52. Nxb5+ Kxc4 53. Na3+ Kb3 54. Nb1 Kc2 55. Na3+ Kb3 56. Nb1 Kc2 57. a5 Kxb1 58. a6 Kc2 59. a7 b1Q 60. a8Q 1/2-1/2

[Event "London Classic (Women) 5th"]
[Site "London"]
[Date "2013.12.07"]
[Round "1"]
[White "Ciuksyte, Dagne"]
[Black "Nadig, Kruttika"]
[Result "1-0"]
[WhiteElo "2345"]
[BlackElo "2127"]
[PlyCount "51"]
[EventDate "2013.12.07"]
[EventType "tourn"]
[EventRounds "10"]
[EventCountry "ENG"]
[EventCategory "1"]
[SourceTitle "CBM 157 Extra"]
[Source "ChessBase"]
[SourceDate "2013.12.19"]
[SourceVersion "1"]
[SourceVersionDate "2013.12.19"]
[SourceQuality "1"]

1. Nf3 d5 2. b3 Nf6 3. Bb2 Bg4 4. Ne5 Bf5 5. e3 Nbd7 6. Nf3 e6 7. Be2 h6 8. c4 c6 9. 0-0 Bd6 10. d3 0-0 11. Nc3 Qe7 12. h3 e5 13. cxd5 cxd5 14. Nb5 Bb4 15. a3 Ba5 16. Rc1 a6 17. Nc3 b5 18. b4 Bb6 19. d4 e4 20. Ne5 Rac8 21. Qb3 Qd6 22. a4 Bc7 23. Na2 Qb6 24. Rc6 Qb7 25. Rfc1 bxa4 26. Qc2 1-0

[Event "Commonwealth & RSA op"]
[Site "Port Elizabeth"]
[Date "2013.07.13"]
[Round "10"]
[White "Nadig, Kruttika"]
[Black "Barrish, Daniel"]
[Result "0-1"]
[WhiteElo "2141"]
[BlackElo "1824"]
[PlyCount "26"]
[EventDate "2013.07.06"]
[EventType "swiss"]
[EventRounds "11"]
[EventCountry "RSA"]
[SourceTitle "CBM 155 Extra"]
[Source "ChessBase"]
[SourceDate "2013.08.26"]
[SourceVersion "1"]
[SourceVersionDate "2013.08.26"]
[SourceQuality "1"]

1. e4 c5 2. Nf3 e6 3. d4 cxd4 4. Nxd4 a6 5. Nc3 Qc7 6. Be2 b5 7. 0-0 Bb7 8. Bf3 d6 9. Re1 Nf6 10. g3 Nbd7 11. Bg2 b4 12. Na4 e5 13. Nb3 Bc6 0-1

[Event "Commonwealth & RSA op"]
[Site "Port Elizabeth"]
[Date "2013.07.09"]
[Round "5"]
[White "Houska, Jovanka"]
[Black "Nadig, Kruttika"]
[Result "1-0"]
[WhiteElo "2398"]
[BlackElo "2141"]
[PlyCount "87"]
[EventDate "2013.07.06"]
[EventType "swiss"]
[EventRounds "11"]
[EventCountry "RSA"]
[SourceTitle "CBM 155 Extra"]
[Source "ChessBase"]
[SourceDate "2013.08.26"]
[SourceVersion "1"]
[SourceVersionDate "2013.08.26"]
[SourceQuality "1"]

1. d4 Nf6 2. Nf3 g6 3. c4 Bg7 4. g3 d5 5. cxd5 Nxd5 6. Bg2 Nb6 7. 0-0 Nc6 8. e3 0-0 9. Nc3 Re8 10. d5 Na5 11. Nd4 Bd7 12. e4 c6 13. Bf4 Rc8 14. Rc1 h5 15. h3 cxd5 16. exd5 e5 17. dxe6 Bxe6 18. Nxe6 Rxe6 19. Qxd8+ Rxd8 20. Rfd1 Rxd1+ 21. Rxd1 Nac4 22. Rd8+ Kh7 23. Ne4 f6 24. b4 Bh6 25. Rb8 Bxf4 26. Rxb7+ Kh6 27. gxf4 Nd5 28. Ng5 Re1+ 29. Kh2 fxg5 30. Bxd5 Nb6 31. Bb3 Nc8 32. Rc7 Nd6 33. Rxa7 Re2 34. Kg2 Rb2 35. Be6 Ne4 36. Rf7 Nd2 37. Bd5 Nb1 38. fxg5+ Kxg5 39. Rf3 Nd2 40. Re3 Nb1 41. Be4 h4 42. Bxb1 Rxb1 43. Re5+ Kf4 44. Rb5 1-0

[Event "Maharashtra-chT"]
[Site "Pune"]
[Date "2013.04.26"]
[Round "5"]
[White "Gomes, Mary Ann"]
[Black "Nadig, Kruttika"]
[Result "1-0"]
[WhiteElo "2387"]
[BlackElo "2141"]
[PlyCount "49"]
[EventDate "2013.04.24"]
[EventType "team-tourn"]
[EventRounds "5"]
[EventCountry "IND"]
[SourceTitle "CBM 154 Extra"]
[Source "ChessBase"]
[SourceDate "2013.06.25"]
[SourceVersion "2"]
[SourceVersionDate "2013.06.25"]
[SourceQuality "1"]
[WhiteTeam "Thane Combatants"]
[BlackTeam "Mumbai Movers"]
[WhiteTeamCountry "IND"]
[BlackTeamCountry "IND"]

1. Nf3 Nf6 2. b3 d5 3. g3 c6 4. Bg2 Bg4 5. Bb2 Nbd7 6. d3 Qc7 7. Nbd2 e5 8. e4 dxe4 9. dxe4 Bc5 10. 0-0 0-0 11. h3 Bh5 12. Qe2 Rad8 13. a4 h6 14. Nc4 Rfe8 15. Rad1 Bg6 16. Nfxe5 Bxe4 17. Bxe4 Nxe4 18. Qxe4 f6 19. Nd6 Bxd6 20. Qc4+ Kh7 21. Nf7 Bxg3 22. Qd3+ Kg8 23. Nxd8 Bh2+ 24. Kh1 Rxd8 25. f4 1-0

[Event "IND-ch (Women) 39th"]
[Site "Jalgaon"]
[Date "2012.11.02"]
[Round "10"]
[White "Kotepalli, Sai Nirupama"]
[Black "Nadig, Kruttika"]
[Result "1-0"]
[WhiteElo "1957"]
[BlackElo "2173"]
[PlyCount "55"]
[EventDate "2012.10.24"]
[EventType "swiss"]
[EventRounds "11"]
[EventCountry "IND"]
[SourceTitle "EXT 2013"]
[Source "ChessBase"]
[SourceDate "2012.11.22"]
[SourceVersion "1"]
[SourceVersionDate "2012.11.22"]
[SourceQuality "1"]

1. e4 c5 2. Nf3 d6 3. d3 g6 4. g3 Bg7 5. Bg2 Nc6 6. 0-0 Nf6 7. Re1 Nd7 8. c3 Rb8 9. Na3 b5 10. Nc2 b4 11. d4 0-0 12. Bf4 cxd4 13. cxd4 b3 14. axb3 Rxb3 15. d5 Na5 16. Ncd4 Rxb2 17. Bd2 Nc4 18. Bc3 Rb7 19. Nc6 Qb6 20. Nxe7+ Kh8 21. Bxg7+ Kxg7 22. Qc2 Qc5 23. Rec1 Ndb6 24. Nc6 Bd7 25. Qc3+ f6 26. Nfd4 Re8 27. Nb3 Qb5 28. Ncd4 1-0

[Event "IND-ch (Women) 39th"]
[Site "Jalgaon"]
[Date "2012.11.01"]
[Round "9"]
[White "Nadig, Kruttika"]
[Black "Pratyusha, Bodda"]
[Result "0-1"]
[WhiteElo "2173"]
[BlackElo "2128"]
[PlyCount "68"]
[EventDate "2012.10.24"]
[EventType "swiss"]
[EventRounds "11"]
[EventCountry "IND"]
[SourceTitle "EXT 2013"]
[Source "ChessBase"]
[SourceDate "2012.11.22"]
[SourceVersion "1"]
[SourceVersionDate "2012.11.22"]
[SourceQuality "1"]

1. e4 e5 2. Nf3 Nc6 3. d4 exd4 4. Bc4 Nf6 5. e5 d5 6. Bb5 Ne4 7. Nxd4 Bd7 8. Bxc6 bxc6 9. 0-0 Bc5 10. Be3 Bb6 11. a4 a5 12. f3 Nc5 13. f4 Qe7 14. Nd2 f6 15. N2f3 Ne4 16. Kh1 0-0 17. c3 Rad8 18. Qb3 Kh8 19. Bg1 fxe5 20. fxe5 Rb8 21. Qc2 c5 22. Ne2 Bf5 23. Qd1 c6 24. Qc1 Bg4 25. h3 Bxf3 26. gxf3 Qh4 27. Kg2 Ng5 28. f4 Qxh3+ 29. Kf2 c4+ 30. Nd4 Bxd4+ 31. cxd4 Rb3 32. Ke1 Nf3+ 33. Ke2 Nxg1+ 34. Rxg1 Qh2+ 0-1

[Event "IND-ch (Women) 39th"]
[Site "Jalgaon"]
[Date "2012.10.29"]
[Round "6"]
[White "Swati, Mohota"]
[Black "Nadig, Kruttika"]
[Result "1/2-1/2"]
[WhiteElo "2051"]
[BlackElo "2173"]
[PlyCount "135"]
[EventDate "2012.10.24"]
[EventType "swiss"]
[EventRounds "11"]
[EventCountry "IND"]
[SourceTitle "EXT 2013"]
[Source "ChessBase"]
[SourceDate "2012.11.22"]
[SourceVersion "1"]
[SourceVersionDate "2012.11.22"]
[SourceQuality "1"]

1. d4 Nf6 2. c4 g6 3. Nc3 d5 4. Nf3 Bg7 5. e3 0-0 6. Be2 dxc4 7. Bxc4 c5 8. dxc5 Qa5 9. 0-0 Qxc5 10. Qd4 Qxd4 11. exd4 Nc6 12. d5 Na5 13. Be2 Rd8 14. Rd1 b6 15. Bf4 Nb7 16. Ne5 Bf5 17. Nc6 Rd7 18. Ne5 Rdd8 19. Nc6 Rd7 20. f3 h5 21. h3 h4 22. Bg5 Nc5 23. Bxh4 Rc8 24. Nd4 Nxd5 25. Nxf5 Nxc3 26. bxc3 gxf5 27. Rxd7 Nxd7 28. Rd1 Nf6 29. c4 Kf8 30. Kf2 Ke8 31. Rb1 Nd7 32. f4 Nc5 33. Kf3 Ne4 34. Rb4 Bc3 35. Rb5 e6 36. g4 Nd2+ 37. Ke3 fxg4 38. hxg4 Nxc4+ 39. Bxc4 Rxc4 40. Kd3 Rc8 41. Rh5 Ba1 42. Be1 Rc1 43. Bd2 Rg1 44. g5 Rg3+ 45. Kc2 a5 46. Rh1 Bd4 47. Re1 Kf8 48. Re4 Bc5 49. Rc4 Rg2 50. Kd3 Kg7 51. a4 Bg1 52. Rc8 Bh2 53. Bc3+ Kg6 54. Ke4 Rf2 55. Be5 Ra2 56. Rg8+ Kh5 57. Rg7 Rxa4+ 58. Kf3 Ra3+ 59. Kg2 Bg3 60. Rxf7 Kg4 61. g6 Ra2+ 62. Kf1 Kf3 63. f5 Rf2+ 64. Kg1 Rg2+ 65. Kf1 Rf2+ 66. Kg1 Rg2+ 67. Kf1 Rf2+ 68. Kg1 1/2-1/2

[Event "IND-ch (Women) 39th"]
[Site "Jalgaon"]
[Date "2012.10.25"]
[Round "2"]
[White "Thipsay, Bagyashree Sathe"]
[Black "Nadig, Kruttika"]
[Result "0-1"]
[WhiteElo "2114"]
[BlackElo "2173"]
[PlyCount "138"]
[EventDate "2012.10.24"]
[EventType "swiss"]
[EventRounds "11"]
[EventCountry "IND"]
[SourceTitle "EXT 2013"]
[Source "ChessBase"]
[SourceDate "2012.11.22"]
[SourceVersion "1"]
[SourceVersionDate "2012.11.22"]
[SourceQuality "1"]

1. e4 c5 2. Nf3 d6 3. d4 cxd4 4. Qxd4 Nc6 5. Bb5 Bd7 6. Bxc6 Bxc6 7. c4 Nf6 8. Nc3 g6 9. 0-0 Bg7 10. Qd3 0-0 11. Nd4 Nd7 12. Be3 Ne5 13. Qe2 Bd7 14. h3 Rc8 15. b3 a6 16. Rac1 e6 17. Rfd1 Qe7 18. f4 Nc6 19. Nf3 Nb8 20. a4 Bc6 21. Nd4 f5 22. exf5 gxf5 23. Bf2 Rce8 24. Re1 e5 25. Qd3 Qf6 26. Nde2 Qg6 27. Nd5 Nd7 28. Rcd1 Nf6 29. Nec3 Nh5 30. Ne2 Kh8 31. Be3 Rg8 32. Rf1 Bf6 33. Rf2 Bh4 34. Rdf1 Bxf2+ 35. Rxf2 Ng3 36. Nec3 Rgf8 37. b4 Ne4 38. Ra2 Nxc3 39. Nxc3 Qg3 40. b5 Be4 41. Nxe4 fxe4 42. Qxe4 exf4 43. Bd4+ Kg8 44. Qd5+ Rf7 45. Bf2 Qg6 46. Ra3 Qe4 47. Rd3 axb5 48. axb5 Qxd5 49. Rxd5 Re4 50. Bd4 Re1+ 51. Kf2 Rc1 52. Rxd6 Rxc4 53. Rd8+ Rf8 54. Rd7 Rf5 55. b6 Rb5 56. Kf3 Rb3+ 57. Ke4 Rxb6 58. Kd5 Rbb4 59. Be5 Rc2 60. Rg7+ Kf8 61. Rxh7 Rb5+ 62. Ke6 Rb6+ 63. Bd6+ Kg8 64. Rd7 Rxg2 65. Kf6 f3 66. Rd8+ Kh7 67. Rd7+ Kh8 68. Kf5 f2 69. Be5+ Kg8 0-1

[Event "IND-ch (Women) 39th"]
[Site "Jalgaon"]
[Date "2012.10.24"]
[Round "1"]
[White "Nadig, Kruttika"]
[Black "Lasya, Goli"]
[Result "1/2-1/2"]
[WhiteElo "2173"]
[BlackElo "1982"]
[PlyCount "106"]
[EventDate "2012.10.24"]
[EventType "swiss"]
[EventRounds "11"]
[EventCountry "IND"]
[SourceTitle "EXT 2013"]
[Source "ChessBase"]
[SourceDate "2012.11.22"]
[SourceVersion "1"]
[SourceVersionDate "2012.11.22"]
[SourceQuality "1"]

1. e4 c5 2. Nf3 d6 3. d4 Nf6 4. Nc3 cxd4 5. Nxd4 Nc6 6. f3 e5 7. Nb3 Be7 8. Be3 0-0 9. Qd2 a5 10. Bb5 Na7 11. Bd3 Nc6 12. a3 Be6 13. Rd1 Kh8 14. 0-0 a4 15. Nc1 d5 16. exd5 Nxd5 17. Nxd5 Qxd5 18. Qf2 Na5 19. Bxh7 Qb5 20. Bd3 Qxb2 21. Ne2 Qxa3 22. Ra1 Qb4 23. Rfb1 Qh4 24. Qxh4+ Bxh4 25. Rxa4 Bf6 26. Rb5 Nc6 27. Rxa8 Rxa8 28. Rxb7 Ne7 29. Kf2 Rc8 30. Ng3 Bh4 31. Ke2 Bxg3 32. hxg3 Nf5 33. Bf2 Nd6 34. Rb6 Nc4 35. Rb5 Kg8 36. g4 e4 37. fxe4 Bxg4+ 38. Ke1 Be6 39. Bd4 f6 40. Kf2 Bf7 41. Kg3 Na3 42. Rb2 Nc4 43. Rb7 Na3 44. c3 Bc4 45. Bxc4+ Nxc4 46. Kf4 Re8 47. Rb4 Nd6 48. Bc5 Nf7 49. Rd4 Ng5 50. Rd5 Rxe4+ 51. Kf5 Kh7 52. Bd4 Re2 53. g3 Rg2 1/2-1/2

[Event "Paleochora op 5th"]
[Site "Paleochora"]
[Date "2012.07.22"]
[Round "8"]
[White "Nadig, Kruttika"]
[Black "Shyam, Sundar M"]
[Result "0-1"]
[WhiteElo "2206"]
[BlackElo "2486"]
[PlyCount "106"]
[EventDate "2012.07.16"]
[EventType "swiss"]
[EventRounds "9"]
[EventCountry "GRE"]
[SourceTitle "CBM 149 Extra"]
[Source "ChessBase"]
[SourceDate "2012.08.24"]
[SourceVersion "1"]
[SourceVersionDate "2012.08.24"]
[SourceQuality "1"]

1. e4 c5 2. Nf3 d6 3. d4 cxd4 4. Nxd4 Nf6 5. Nc3 a6 6. h3 e5 7. Nde2 h5 8. a4 Nc6 9. g3 Nb4 10. Bg5 Be6 11. Bg2 Rc8 12. 0-0 Be7 13. f4 Qb6+ 14. Rf2 Qe3 15. Ra3 Qc5 16. Qd2 Bd8 17. fxe5 dxe5 18. Be3 Qe7 19. Nc1 Qd7 20. Qxd7+ Nxd7 21. Nd3 Nxd3 22. cxd3 Be7 23. Ra1 Bc5 24. Re2 h4 25. g4 Bxe3+ 26. Rxe3 Nc5 27. Nd5 Nb3 28. Ra3 Nd4 29. Rc3 Rc6 30. Re1 Kd7 31. Kf2 a5 32. Rec1 Kd6 33. Ne3 g6 34. Nc2 Nb3 35. Rd1 Rxc3 36. bxc3 Rc8 37. Na3 Ke7 38. Nb5 Bd7 39. Rb1 Nc5 40. Ke3 Nxa4 41. c4 b6 42. Bf1 f5 43. gxf5 gxf5 44. d4 exd4+ 45. Kxd4 fxe4 46. Bg2 Be6 47. Rc1 Nc5 48. Rc3 Bd7 49. Re3 Bxb5 50. cxb5 Rd8+ 51. Kc4 Kd6 52. Kd4 Ke6+ 53. Kc4 Ke5 0-1

[Event "Rethymno op 4th"]
[Site "Rethymno"]
[Date "2012.07.09"]
[Round "4"]
[White "Nadig, Kruttika"]
[Black "Zinchenko, Yaroslav"]
[Result "0-1"]
[WhiteElo "2206"]
[BlackElo "2544"]
[PlyCount "52"]
[EventDate "2012.07.07"]
[EventType "swiss"]
[EventRounds "9"]
[EventCountry "GRE"]
[SourceTitle "CBM 149 Extra"]
[Source "ChessBase"]
[SourceDate "2012.08.24"]
[SourceVersion "1"]
[SourceVersionDate "2012.08.24"]
[SourceQuality "1"]

1. e4 c5 2. Nf3 Nc6 3. d4 cxd4 4. Nxd4 Nf6 5. Nc3 d6 6. f3 e5 7. Nb3 Be7 8. Be3 0-0 9. Qd2 a5 10. Bb5 Na7 11. Be2 Nc6 12. Bb5 Na7 13. Be2 Be6 14. Rd1 Nc8 15. Qc1 Nb6 16. Nc5 Qc7 17. Nxe6 fxe6 18. Bxb6 Qxb6 19. Bc4 d5 20. exd5 Ng4 21. Ne4 Qb4+ 22. Qd2 Qxc4 23. b3 Qxd5 24. Qe2 Qc6 25. fxg4 Rf4 26. Nd2 Bh4+ 0-1

[Event "Queenstown op"]
[Site "Queenstown"]
[Date "2012.01.20"]
[Round "6"]
[White "Nadig, Kruttika"]
[Black "Safarian, Alek"]
[Result "1-0"]
[WhiteElo "2234"]
[BlackElo "2036"]
[PlyCount "65"]
[EventDate "2012.01.15"]
[EventType "swiss"]
[EventRounds "9"]
[EventCountry "NZL"]
[SourceTitle "CBM 146 Extra"]
[Source "ChessBase"]
[SourceDate "2012.02.29"]
[SourceVersion "1"]
[SourceVersionDate "2012.02.29"]
[SourceQuality "1"]

1. e4 c5 2. Nf3 d6 3. d4 cxd4 4. Nxd4 Nf6 5. Nc3 g6 6. Be3 Bg7 7. f3 Nc6 8. Bc4 0-0 9. Qd2 Bd7 10. 0-0-0 Rc8 11. Bb3 Qa5 12. Kb1 Rfe8 13. g4 Ne5 14. h4 h5 15. Bg5 hxg4 16. f4 Nc6 17. Bxf6 Bxf6 18. Nde2 Rcd8 19. h5 Kg7 20. hxg6 fxg6 21. Qd3 Nb4 22. Qc4 d5 23. exd5 Rc8 24. Qe4 Bf5 25. Qe3 Qc5 26. Qd2 b5 27. Ng3 Bxc3 28. bxc3 Qxc3 29. Nxf5+ gxf5 30. Qe2 a5 31. Rh5 Qf6 32. Rg5+ Kf8 33. d6 1-0

[Event "Reunion op 13th"]
[Site "St Denis"]
[Date "2011.10.07"]
[Round "8"]
[White "Nadig, Kruttika"]
[Black "Letreguilly, Olivier"]
[Result "1-0"]
[WhiteElo "2233"]
[BlackElo "2342"]
[PlyCount "87"]
[EventDate "2011.10.01"]
[EventType "swiss"]
[EventRounds "9"]
[EventCountry "RUF"]
[SourceTitle "EXT 2012"]
[Source "ChessBase"]
[SourceDate "2011.11.24"]
[SourceVersion "1"]
[SourceVersionDate "2011.11.24"]
[SourceQuality "1"]

1. e4 c6 2. d4 d5 3. exd5 cxd5 4. c4 Nf6 5. Nc3 g6 6. Qb3 Bg7 7. cxd5 0-0 8. Be2 Na6 9. Bf3 Qb6 10. Qxb6 axb6 11. Bf4 Nb4 12. Kd2 Bf5 13. Nge2 Rfd8 14. d6 Rd7 15. dxe7 Re8 16. Be3 Rexe7 17. Ng3 Bg4 18. Be2 Bxe2 19. Ngxe2 Ne4+ 20. Nxe4 Rxe4 21. Rac1 Re8 22. Rhd1 Nd5 23. g3 Rde7 24. Nf4 Nxe3 25. fxe3 Rxe3 26. Kc2 Rd8 27. Kb1 Re7 28. Rc2 Red7 29. d5 g5 30. Nh5 Bh8 31. g4 Be5 32. h3 f6 33. Rcd2 Kf7 34. Rd3 Kg6 35. Rb3 Rd6 36. Rf1 Rc8 37. Rd1 Rc5 38. a3 f5 39. Rbd3 b5 40. b4 Rc4 41. Re3 Re4 42. gxf5+ Kxf5 43. Rf1+ Bf4 44. Ng3+ 1-0

[Event "Reunion op 13th"]
[Site "St Denis"]
[Date "2011.10.05"]
[Round "5"]
[White "Nadig, Kruttika"]
[Black "Payet, Vincent"]
[Result "1/2-1/2"]
[WhiteElo "2233"]
[BlackElo "1724"]
[PlyCount "72"]
[EventDate "2011.10.01"]
[EventType "swiss"]
[EventRounds "9"]
[EventCountry "RUF"]
[SourceTitle "EXT 2012"]
[Source "ChessBase"]
[SourceDate "2011.11.24"]
[SourceVersion "1"]
[SourceVersionDate "2011.11.24"]
[SourceQuality "1"]

1. e4 e5 2. Nf3 Nc6 3. Bb5 a6 4. Ba4 Nf6 5. 0-0 Be7 6. Re1 b5 7. Bb3 d6 8. c3 0-0 9. h3 Na5 10. Bc2 c5 11. d4 Qc7 12. d5 Bd7 13. Nbd2 Nb7 14. Nf1 Ne8 15. g4 f6 16. Ng3 g6 17. Nh2 Nd8 18. h4 Nf7 19. Be3 Ng7 20. Qd2 Qc8 21. f3 Kh8 22. Bf2 f5 23. exf5 gxf5 24. g5 Rg8 25. f4 e4 26. h5 Qf8 27. h6 Ne8 28. Kh1 Rg6 29. Bd1 Nxg5 30. fxg5 Bxg5 31. Qe2 Rxh6 32. Be3 Bxe3 33. Qxe3 f4 34. Qf2 Rxh2+ 35. Qxh2 fxg3 36. Qxg3 Qh6+ 1/2-1/2

[Event "Balaton GM2 28th"]
[Site "Heviz"]
[Date "2010.06.25"]
[Round "7"]
[White "Varga, Zoltan"]
[Black "Nadig, Kruttika"]
[Result "1/2-1/2"]
[WhiteElo "2479"]
[BlackElo "2236"]
[PlyCount "68"]
[EventDate "2010.06.19"]
[EventType "tourn"]
[EventRounds "9"]
[EventCountry "HUN"]
[EventCategory "8"]
[SourceTitle "CBM 137 Extra"]
[Source "ChessBase"]
[SourceDate "2010.09.01"]
[SourceVersion "1"]
[SourceVersionDate "2010.09.01"]
[SourceQuality "1"]

1. e4 c5 2. Nf3 d6 3. d4 cxd4 4. Nxd4 Nf6 5. f3 e5 6. Bb5+ Nbd7 7. Nf5 d5 8. exd5 a6 9. Ba4 b5 10. Bb3 Nc5 11. Ne3 Nxb3 12. axb3 Bc5 13. Nc3 Bb7 14. Qd3 0-0 15. Ne4 Bxe3 16. Bxe3 Qxd5 17. Nxf6+ gxf6 18. Qxd5 Bxd5 19. 0-0-0 Be6 20. b4 a5 21. bxa5 Rxa5 22. Kd2 Ra2 23. Bc5 Rd8+ 24. Kc3 Rc8 25. b4 Bf5 26. Rc1 Rca8 27. Rhd1 R8a3+ 28. Kd2 Rd3+ 29. Ke1 Rc3 30. Rd8+ Kg7 31. Bf8+ Kg6 32. Be7 Kg7 33. Bf8+ Kg6 34. Be7 Kg7 1/2-1/2